01623nam a22001817a 45000010005000000030006000050050017000110080041000280200018000690400029000870820010001161000017001262450141001432600055002843000050003395201021003897000031014105759FISKH20250120163932.0250120b cb ||||| |||| 00| 0 eng d a9781316631010 aFISKHbengcFISKHdFISKH a507.6 aJones, Mary  aCambridge IGCSE® combined and Co-ordinated sciences coursebook with CD-Rom /cBy Mary Jones, Richard Harwood , Ian Lodge and David Sang aCambridge : bCambridge University Press ;c2017 . a665 pages : bcolor illustrations ;c28 cm .  aThe Cambridge IGCSE® Combined and Co-ordinated Sciences series is tailored to the 0653 and 0654 syllabuses for first examination in 2019, and all components of the series are endorsed by Cambridge International Examinations. Cambridge IGCSE® Combined and Co-ordinated Sciences Coursebook is tailored to the 0653 and 0654 syllabuses for first examination in 2019 and is endorsed for full syllabus coverage by Cambridge International Examinations. This interdisciplinary coursebook comprehensively covers the knowledge and skills required in these courses, with the different syllabuses clearly identified. Engaging activities in every chapter help students develop practical and investigative skills while end-of-chapter questions help to track their progress. The accompanying CD-ROM contains self-assessment checklists for making drawings, constructing and completing results tables, drawing graphs and designing experiments; answers to all the end-of-chapter questions and auto-marked multiple-choice self tests. aHarwood, Richard eauthor